=LDR 00000nam 2200000 4500 =001 INLIS000000000029619 =005 20210908020401 =035 ##$$a 0010-061300000029619 =008 210908################g##########0#ind## =041 ##$$a Ind =082 ##$$a 659.2 =090 ##$$a 659.2, Nur h =100 ##$$a Nurudin =245 1#$$a Hubungan media : $b konsep dan aplikasi /$c Nurudin =260 ##$$a Jakarta :$b Rajawali Pers,$c 2008 =300 ##$$a xiii, 174 hlm. ; $c 14x21 cm.. =650 #4$$a Hubungan masyrakat =850 ##$$a NBPNMAT =020 ##$$a 978-979-769-193-6 =084 ##$$a 659.2 NUR h =504 ##$$a Biografi : hlm. 173 - 174 =990 ##$$a 01201901380 =990 ##$$a 08550855 =990 ##$$a 20801325 =990 ##$$a 01201901380 =990 ##$$a 21004734 =990 ##$$a 20801325